000 00593nam a22001817a 4500
003 koha_MIRAKIL
005 20250428132448.0
008 250428b tur||||| |||| 00| 0 tur d
020 _a9786258082661
040 _aTR-IsEVY
_btur
_cTR-IsEVY
082 _a500 ODA/G
100 _aOdabaşı, Çağrı
245 0 _aGenel kültür kitabım :
_bbüyüyorum /
_cÇağrı Odabaşı ; resimleyen Sarah Horne
260 _aİstanbul :
_bSincap Kitap,
_c2024.
300 _a16 s. :
_brenkli resimli ;
_c34 cm.
650 _aDoğa Bilimleri.
_vDuyu Organları.
_vYaşam.
_vBüyümek.
942 _2ddc
_cBK
999 _c21968
_d21968